00529 a2200145 4500001000700000003000400007005001700011008004100028020001500069082002400084100002200108245020600130260003700336300001000373132818OSt20220225120046.0  a8124603855 a725.940222522bB88M aBunce, Fredrick W1 aMonuments of India and the Indianized states : the plansof major and notable temples, tombs, places and pavilions of Bangladesh, Sri Lanka, Java, the Khmer, Pagen, Thailad, Vietnamcby Fredrick W Bunce aNew DelhibD.K. Printworldc2007 a518p.